Normal view MARC view

Entry Nombre personal

Number of records used in: 15

001 - NÚMERO DE CONTROL

  • campo de control: 48126

003 - IDENTIFICADOR DE NÚMERO DE CONTROL

  • campo de control: SpMaBN

005 - FECHA Y HORA DE LA ÚLTIMA TRANSACCIÓN

  • campo de control: 20240520191129.0

008 - ELEMENTOS DE DATO DE LONGITUD-FIJA

  • campo de control de longitud fija: 900725nn ainnnaabn a aaa

016 ## - NÚMERO DE CONTROL DE UNA AGENCIA BIBLIOGRÁFICA NACIONAL

  • Número de control del registro: BNE19980283654

024 7# - IDENTIFICADOR DE OTROS ESTÁNDARES

  • Número estándar o código: http://viaf.org/viaf/86634294/
  • Fuente: viaf

024 7# - IDENTIFICADOR DE OTROS ESTÁNDARES

  • Número estándar o código: https://isni.org/isni/0000000066354128
  • Fuente: isni

040 ## - FUENTE DE CATALOGACIÓN

  • Centro catalogador/agencia de origen: SpMaBN
  • Lengua de catalogación: spa
  • Centro/agencia transcriptor: SpMaBN
  • Normas de descripción: rdc
  • Convención/Normas de encabezamiento de materia/tesauro: embne

046 ## - FECHAS CON CODIFICACIÓN ESPECIAL

  • Fecha de nacimiento: 1849
  • Fecha de la muerte: 1927

100 1# - ENCABEZAMIENTO-NOMBRE DE PERSONA

  • Nombre de persona: Estevan, Enrique,
  • Fechas asociadas al nombre: 1849-1927

370 ## - LUGAR ASOCIADO

  • Lugar de nacimiento: España, Castilla y León, Salamanca (Provincia), Salamanca
  • Fuente del término: embne

370 ## - LUGAR ASOCIADO

  • Lugar de fallecimiento: España, Madrid (Comunidad Autónoma), Madrid
  • Fuente del término: embne

374 ## - OCUPACIÓN

  • Ocupación: Pintores
  • Ocupación: Ilustradores
  • Fuente del término: embne

375 ## - GÉNERO/SEXO

  • Género: Masculino

400 1# - TRAZADO DE VÉASE--NOMBRE DE PERSONA

  • Nombre de persona: Estevan y Vicente, Enrique,
  • Fechas asociadas al nombre: 1849-1927

400 1# - TRAZADO DE VÉASE--NOMBRE DE PERSONA

  • Nombre de persona: Estevan Vicente, Enrique,
  • Fechas asociadas al nombre: 1849-1927

400 1# - TRAZADO DE VÉASE--NOMBRE DE PERSONA

  • Nombre de persona: Estevan,
  • Fechas asociadas al nombre: 1849-1927

400 1# - TRAZADO DE VÉASE--NOMBRE DE PERSONA

  • Nombre de persona: Esteban, Enrique,
  • Fechas asociadas al nombre: 1849-1927

400 1# - TRAZADO DE VÉASE--NOMBRE DE PERSONA

  • Nombre de persona: Esteban,
  • Fechas asociadas al nombre: 1849-1927

670 ## - FUENTE DE DATOS ENCONTRADOS

  • Cita de la fuente: La princesita de pan y miel, 1908
  • Información encontrada: (ilustraciones de Estevan)

670 ## - FUENTE DE DATOS ENCONTRADOS

  • Cita de la fuente: 7 de Julio, 1884
  • Información encontrada: v. port. (ilustrado por Esteban)

670 ## - FUENTE DE DATOS ENCONTRADOS

  • Cita de la fuente: Dicc. de pint. y escult. esp. del s.XX
  • Información encontrada: (Estevan y Vicente, Enrique; n. 1849, Salamanca-m. 1927, Madrid; pintor de historia)

670 ## - FUENTE DE DATOS ENCONTRADOS

  • Cita de la fuente: WWW Papeles Flamencos, 07-09-2015
  • Información encontrada: (Enrique Estevan y Vicente (1849-1927) ilustró numerosas revistas y ejerció el profesorado de dibujo)
  • Identificador Uniforme de Recursos: www.papelesflamencos.com/2010/02/enrique-estevan-y-vicente.htm l